[Event "Chigorin Memorial 31st"]
[Site "St Petersburg"]
[Date "2024.10.27"]
[Round "2"]
[White "Maslov, Nikolay A"]
[Black "Andronov, Ilya"]
[Result "1-0"]
[WhiteElo "1707"]
[BlackElo "1892"]
[PlyCount "43"]
[EventDate "2024.10.26"]
[EventType "swiss"]
[EventRounds "9"]
[EventCountry "RUS"]
[SourceTitle "CB45_2024"]
[Source "ChessBase"]
[SourceDate "2024.11.06"]
[SourceVersion "1"]
[SourceVersionDate "2024.11.06"]
[SourceQuality "1"]

1. e4 e5 2. Nf3 Nc6 3. Bb5 a6 4. Ba4 Nf6 5. 0-0 Be7 6. Re1 b5 7. Bb3 d6 8. c3 0-0 9. h3 Bb7 10. d4 Re8 11. a4 h6 12. Nbd2 Bf8 13. Bc2 exd4 14. cxd4 Nb4 15. Bb1 c5 16. d5 Nd7 17. Nf1 f5 18. Bd2 fxe4 19. Bxe4 Nf6 20. Bxb4 Nxe4 21. Bd2 Bxd5 22. Ba5 1-0

[Event "Chigorin Memorial 31st"]
[Site "St Petersburg"]
[Date "2024.10.26"]
[Round "1"]
[White "Antipov, Fedor"]
[Black "Maslov, Nikolay A"]
[Result "1-0"]
[WhiteElo "1991"]
[BlackElo "1707"]
[PlyCount "63"]
[EventDate "2024.10.26"]
[EventType "swiss"]
[EventRounds "9"]
[EventCountry "RUS"]
[SourceTitle "CB45_2024"]
[Source "ChessBase"]
[SourceDate "2024.11.06"]
[SourceVersion "1"]
[SourceVersionDate "2024.11.06"]
[SourceQuality "1"]

1. e4 c5 2. Nf3 Nc6 3. d4 cxd4 4. Nxd4 Nf6 5. Nc3 e5 6. Ndb5 d6 7. Bg5 a6 8. Na3 b5 9. Bxf6 gxf6 10. Nd5 f5 11. exf5 Bxf5 12. c3 Bg7 13. Nc2 0-0 14. Nce3 Be6 15. Bd3 f5 16. Bc2 Kh8 17. Qh5 e4 18. Nf4 Qe8 19. Qh3 Bd7 20. Ned5 Rc8 21. 0-0 a5 22. Rad1 Be5 23. Qe3 Nb4 24. cxb4 Rxc2 25. bxa5 Rxb2 26. a3 Bc6 27. Rc1 Bxd5 28. Nxd5 Qa8 29. Nc7 Qxa5 30. Ne6 Re8 31. Qh6 d5 32. Rc7 1-0